|
|
|
|
| LEADER |
00000nam0a2200000 4500 |
| 001 |
290610 |
| 005 |
20231102000314.0 |
| 010 |
|
|
|a 9785996306299
|
| 035 |
|
|
|a (RuTPU)RU\TPU\book\315164
|
| 090 |
|
|
|a 290610
|
| 100 |
|
|
|a 20150407d2015 km y0rusy50 ca
|
| 101 |
1 |
|
|a rus
|c eng
|
| 102 |
|
|
|a RU
|
| 105 |
|
|
|a a z 001zy
|
| 200 |
1 |
|
|a Доказательства из Книги. Лучшие доказательства со времен Евклида до наших дней
|e пер. с англ.
|f М. Айгнер, Г. Циглер
|
| 205 |
|
|
|a 2-е изд., доп.
|
| 210 |
|
|
|a Москва
|c БИНОМ. Лаборатория знаний
|d 2015
|
| 215 |
|
|
|a 288 с.
|c ил.
|
| 320 |
|
|
|a Библиография в конце глав.
|
| 320 |
|
|
|a Предметный указатель: с. 281-286.
|
| 330 |
|
|
|a В книге собраны красивые и глубокие теоремы из различных областей теории чисел, геометрии, анализа, комбинаторики, теории графов. Доказательства этих теорем используют неожиданные сочетания разнородных идей. Изложение материала сопровождается большим числом иллюстраций. Книга предназначена всем, кто увлечен математикой: в первую очередь студентам, аспирантам, а также преподавателям, научным работникам и просто любителям изящных математических рассуждений. Многое в книге доступно школьникам старших классов.
|
| 606 |
1 |
|
|a Математика занимательная
|2 stltpush
|3 (RuTPU)RU\TPU\subj\41196
|9 61007
|
| 610 |
1 |
|
|a теоремы
|
| 610 |
1 |
|
|a доказательства
|
| 610 |
1 |
|
|a числа
|
| 610 |
1 |
|
|a геометрия
|
| 610 |
1 |
|
|a алгебра
|
| 610 |
1 |
|
|a математический анализ
|
| 610 |
1 |
|
|a комбинаторика
|
| 610 |
1 |
|
|a графы
|
| 675 |
|
|
|a 51-8
|v 4
|
| 700 |
|
1 |
|a Айгнер
|b М.
|g Мартин
|
| 701 |
|
1 |
|a Циглер
|b Г.
|g Гюнтер
|
| 801 |
|
1 |
|a RU
|b 63413507
|c 20150407
|
| 801 |
|
2 |
|a RU
|b 63413507
|c 20151102
|g RCR
|
| 900 |
|
|
|a Математика
|
| 942 |
|
|
|c BK
|
| 959 |
|
|
|a 37/20150407
|d 1
|e 730,00
|f ЧЗТЛ:1
|